| 000 | 00981cam a22002531 4500 | ||
|---|---|---|---|
| 001 | hew66000005 | ||
| 003 | DLC | ||
| 005 | 20260227111514.0 | ||
| 008 | 880212s1965 dcu f000 0 eng | ||
| 010 | _ahew66000005 | ||
| 035 | _a(OCoLC)19940078 | ||
| 040 |
_aDLC _cPU _dDLC |
||
| 042 | _apremarc | ||
| 043 | _an-us--- | ||
| 050 | 0 | 0 |
_aHD6273 _b.N36 |
| 110 | 2 |
_aNational Child Labor Committee (U.S.). _bNational Committee on Employment of Youth. |
|
| 245 | 1 | 0 | _aYouth employment programs in perspective. |
| 260 |
_a[Washington] _bUnited States. Dept. of Health, Education, and Welfare, Welfare Administration, Office of Juvenile Delinquency and Youth Development _c[1965] |
||
| 300 |
_aix, 121 p. _c24 cm. |
||
| 504 | _aBibliographical footnotes. | ||
| 650 | 0 |
_aYouth _xEmployment _zUnited States |
|
| 710 | 1 |
_aUnited States. _bOffice of Juvenile Delinquency and Youth Development. |
|
| 710 | 1 |
_aUnited States. _bPresident's Committee on Juvenile Delinquency and Youth Crime. |
|
| 999 |
_c34575 _d34575 |
||